5HLuxD.jpg

KING HENRY VIII SENIOR AND PRIMARY SCHOOL LIBRARY OPAC

Small things like these / (Record no. 5817)

000 -LEADER
fixed length control field 01449cam a2200277 i 4500
001 - CONTROL NUMBER
control field 1122051
003 - CONTROL NUMBER IDENTIFIER
control field OCoLC
005 - DATE AND TIME OF LATEST TRANSACTION
control field 20251118090539.0
008 - FIXED-LENGTH DATA ELEMENTS--GENERAL INFORMATION
fixed length control field 230109t20212022enk 000 f eng d
020 ## - INTERNATIONAL STANDARD BOOK NUMBER
International Standard Book Number 9780571368709
Qualifying information (paperback)
040 ## - CATALOGING SOURCE
Original cataloging agency YDX
Language of cataloging eng
Description conventions rda
Transcribing agency YDX
Modifying agency RCU
-- PTTCL
-- KH8
042 ## - AUTHENTICATION CODE
Authentication code nbic
082 ## - DEWEY DECIMAL CLASSIFICATION NUMBER
Classification number FIC KEE
100 1# - MAIN ENTRY--PERSONAL NAME
Personal name Keegan, Claire,
Relator term author.
245 10 - TITLE STATEMENT
Title Small things like these /
Statement of responsibility, etc. Claire Keegan.
260 #1 - PUBLICATION, DISTRIBUTION, ETC.
Place of publication, distribution, etc. London :
Name of publisher, distributor, etc. Faber & Faber,
Date of publication, distribution, etc. 2022.
300 ## - PHYSICAL DESCRIPTION
Extent 116 pages ;
Dimensions 20 cm.
520 8# - SUMMARY, ETC.
Summary, etc. "It is 1985, in an Irish town. During the weeks leading up to Christmas, Bill Furlong, a coal and timber merchant, faces into his busiest season. As he does the rounds, he feels the past rising up to meet him - and encounters the complicit silences of a people controlled by the Church. The long-awaited new work from the author of Foster, Small Things Like These is an unforgettable story of hope, quiet heroism and tenderness. '[Claire Keegan] creates luminous effects with spare material, so every line seems to be a lesson in the perfect deployment of both style and emotion.' -- Hilary Mantel." -- Dust jacket.
586 ## - AWARDS NOTE
Awards note Orwell Prize for Political Fiction winner, 2022.
650 #0 - SUBJECT ADDED ENTRY--TOPICAL TERM
Topical term or geographic name entry element Merchants
Geographic subdivision Ireland
Form subdivision Fiction.
650 #0 - SUBJECT ADDED ENTRY--TOPICAL TERM
Topical term or geographic name entry element Unmarried mothers
Geographic subdivision Ireland
Form subdivision Fiction.
650 #7 - SUBJECT ADDED ENTRY--TOPICAL TERM
Topical term or geographic name entry element Unmarried mothers.
Source of heading or term fast.
650 #7 - SUBJECT ADDED ENTRY--TOPICAL TERM
Topical term or geographic name entry element Merchants.
Source of heading or term fast.
651 #0 - SUBJECT ADDED ENTRY--GEOGRAPHIC NAME
Geographic name Ireland
General subdivision History
Chronological subdivision 20th century
Form subdivision Fiction.
942 ## - ADDED ENTRY ELEMENTS (KOHA)
Source of classification or shelving scheme
Koha item type Books - Fiction
Holdings
Withdrawn status Lost status Source of classification or shelving scheme Damaged status Not for loan Collection code Permanent Location Current Location Shelving location Date acquired Full call number Barcode Date last seen Price effective from Koha item type
          Fiction KH8 Senior School Library KH8 Senior School Library Fiction 2025-11-18 FIC KEE 3KHSL000102509 2025-11-18 2025-11-18 Books - Fiction

Powered By KH8 IT Dept